000 00339nam a22001217a 4500
999 _c162377
_d162377
082 _a
_b
100 _aThulaseedharan Assary S
245 _aColonialism, princely states and struggle for liberation:
_bTravancore (1938-1948)/
_cby Thulaseedharan Assary S.
260 _a
_bA P H ,
_c2009.
300 _a312p.
650 _a
942 _cBK